Cloud computing for dummies / (رقم التسجيلة. 180148)

تفاصيل مارك
000 -LEADER
fixed length control field 01784camaa22004572i 4500
001 - CONTROL NUMBER
control field 15928065
003 - CONTROL NUMBER IDENTIFIER
control field EG-GICUC
005 - DATE AND TIME OF LATEST TRANSACTION
control field 20260514115854.0
008 - FIXED-LENGTH DATA ELEMENTS--GENERAL INFORMATION
fixed length control field 090930s2010 njua jr 001 0 eng
010 ## - LIBRARY OF CONGRESS CONTROL NUMBER
LC control number 2009938254
020 ## - INTERNATIONAL STANDARD BOOK NUMBER
International Standard Book Number 9780470484708
Qualifying information pbk.
020 ## - INTERNATIONAL STANDARD BOOK NUMBER
International Standard Book Number 0470484705
Qualifying information pbk.
035 ## - SYSTEM CONTROL NUMBER
System control number (OCoLC)310400049
040 ## - CATALOGING SOURCE
Original cataloging agency UKM
Transcribing agency UKM
Modifying agency BTCTA
-- YDXCP
-- ORX
-- LD4
-- BWX
-- ABG
-- C#P
-- VP@
-- ITD
-- DEBBG
-- LIV
-- UKMGB
-- BDX
-- DLC
-- EG-GICUC
Language of cataloging eng
Description conventions rda
082 04 - DEWEY DECIMAL CLASSIFICATION NUMBER
Classification number 006.78
Edition number 21
082 04 - DEWEY DECIMAL CLASSIFICATION NUMBER
Classification number 004.678
Edition number 21
Item number H949
092 04 - LOCALLY ASSIGNED DEWEY CALL NUMBER (OCLC)
Edition number 21
Classification number 004.678
Item number H949
099 ## - LOCAL FREE-TEXT CALL NUMBER (OCLC)
Classification number 004.678 H949
100 1# - MAIN ENTRY--PERSONAL NAME
Personal name Hurwitz, Hurwitz.
Relator term Author.
245 00 - TITLE STATEMENT
Title Cloud computing for dummies /
Statement of responsibility, etc. by Judith Hurwitz, Robin Bloor, Marcia Kaufman.
264 ## - PRODUCTION, PUBLICATION, DISTRIBUTION, MANUFACTURE, AND COPYRIGHT NOTICE
Place of production, publication, distribution, manufacture Hoboken, NJ :
Name of producer, publisher, distributor, manufacturer Wiley Pub.,
Date of production, publication, distribution, manufacture, or copyright notice c2010.
300 ## - PHYSICAL DESCRIPTION
Extent xxii, 310 pages :
Other physical details illustration ;
Dimensions 24 cm.
336 ## - CONTENT TYPE
Content type term text
Content type code txt
Source rdacontent
337 ## - MEDIA TYPE
Media type term unmediated
Media type code n
Source rdamedia
338 ## - CARRIER TYPE
Carrier type term volume
Carrier type code nc
Source rdacarrier
490 0# - SERIES STATEMENT
Series statement For dummies
500 ## - GENERAL NOTE
General note Includes index.
504 ## - BIBLIOGRAPHY, ETC. NOTE
Bibliography, etc. note Bibliography: pages 291-310.
520 ## - SUMMARY, ETC.
Summary, etc. A guide to managing and securing cloud services covers such topics as developing a cloud strategy, managing data, using software as a service, setting standards, and governing the cloud.
541 ## - IMMEDIATE SOURCE OF ACQUISITION NOTE
Source of acquisition وزارة الثقافة ؛
Address القاهرة ؛
Method of acquisition إهداء ؛
Date of acquisition 2023.
650 #0 - SUBJECT ADDED ENTRY--TOPICAL TERM
Topical term or geographic name entry element Cloud computing.
650 #0 - SUBJECT ADDED ENTRY--TOPICAL TERM
Topical term or geographic name entry element Web services.
650 #0 - SUBJECT ADDED ENTRY--TOPICAL TERM
Topical term or geographic name entry element Electronic data processing
General subdivision Distributed processing.
Source of heading or term qrmak
650 07 - SUBJECT ADDED ENTRY--TOPICAL TERM
Topical term or geographic name entry element Cloud Computing.
Source of heading or term swd
700 1# - ADDED ENTRY--PERSONAL NAME
Personal name Judith Hurwitz.
Relator term Author.
700 1# - ADDED ENTRY--PERSONAL NAME
Personal name Robin Bloor
Relator term Author.
700 1# - ADDED ENTRY--PERSONAL NAME
Personal name Marcia Kaufman
Relator term Author.
856 42 - ELECTRONIC LOCATION AND ACCESS
Electronic format type text/html
Uniform Resource Identifier <a href="http://deposit.d-nb.de/cgi-bin/dokserv?id=3294365&prov=M&dok_var=1&dok_ext=htm">http://deposit.d-nb.de/cgi-bin/dokserv?id=3294365&prov=M&dok_var=1&dok_ext=htm</a>
Materials specified Inhaltstext
905 ## - Cataloger and Reviser Names
Cataloger Name Samah
942 ## - ADDED ENTRY ELEMENTS (KOHA)
Source of classification or shelving scheme Dewey Decimal Classification
Koha item type Books
Edition 21
Suppress in OPAC No
المقتنيات
Withdrawn status Lost status Source of classification or shelving scheme Damaged status Not for loan Home library Current library Date acquired Inventory number Total checkouts Full call number Barcode Date last seen Price effective from Koha item type
    Dewey Decimal Classification   Not for loan مكتبة جامعة القاهرة الاهلية قاعة الهندسة 14.05.2026 23   004.678 H949 02010002300000 14.05.2026 14.05.2026 Books
Cairo University Libraries Portal Implemented & Customized by: Eng. M. Mohamady Contacts: new-lib@cl.cu.edu.eg | cnul@cl.cu.edu.eg
CUCL logo CNUL logo
© All rights reserved — Cairo University Libraries
CUCL logo
Implemented & Customized by: Eng. M. Mohamady Contact: new-lib@cl.cu.edu.eg © All rights reserved — New Central Library
CNUL logo
Implemented & Customized by: Eng. M. Mohamady Contact: cnul@cl.cu.edu.eg © All rights reserved — Cairo National University Library